000
00286nam a22001337a 4500
008
181016b xxu||||| |||| 00| 0 eng d
020
_a
9780929005652
041
_a
eng
080
_a
316
100
_a
50
101
_a
SOC
245
_a
Sexual Harassment
_c
Larkin,J
942
_2
udc
_c
BK
999
_c
49907
_d
49907